000 00255nam a2200097 a 4500
005 20200930055101.0
008 110411s1995 000 spa d
245 0 _aFundación Mejía Ricart-Guzmán Boom.
260 _aSanto Domingo,
_c1995.
999 _c28188
_d28188
040 _aDO-SdBNP